Land- & Stadtkreise in Baden-Württemberg - Statistiken

Allgemein
  • Dieses Quiz wurde 64 mal gespielt
  • Das Durchschnittsergebnis liegt bei 30 aus 44
Antwortstatistiken
Bezirk Kreisstadt Land-/Stadtkreis % Korrekt
F... - Freiburg im Breisgau (Stadtkreis)
98%
K... K... Karlsruhe
89%
K... - Karlsruhe (Stadtkreis)
89%
S... - Stuttgart (Landeshauptstadt)
89%
Stuttgart H... an der Brenz Heidenheim
87%
Karlsruhe - Pforzheim (Stadtkreis)
87%
Stuttgart E... am Neckar Esslingen
85%
Stuttgart S... Schwäbisch Hall
85%
T... T... Tübingen
85%
Freiburg Freiburg im B... Breisgau-Hochschwarzwald
84%
Freiburg - Ulm (Stadtkreis)
84%
Tübingen R... Reutlingen
82%
Tübingen B... an der Riß Biberach
78%
Freiburg K... Konstanz
78%
Karlsruhe - Heidelberg (Stadtkreis)
75%
Tübingen Ulm Alb-Donau-Kreis
73%
Stuttgart H... Heilbronn
73%
Stuttgart L... Ludwigsburg
71%
Karlsruhe - Mannheim (Stadtkreis)
71%
Karlsruhe R... Rastatt
71%
Stuttgart B... Böblingen
67%
Karlsruhe C... Calw
67%
Stuttgart G. Göppingen
67%
Karlsruhe Heidelberg Rhein-Neckar-Kreis
67%
Freiburg L... Lörrach
65%
Freiburg E... Emmendingen
64%
Freiburg Offenburg Ortenaukreis
62%
Karlsruhe - Baden-Baden (Stadtkreis)
60%
Tübingen Friedrichshafen Bodenseekreis
60%
Freiburg R... Rottweil
60%
Freiburg Villingen-Schwenningen Schwarzwald-Baar-Kreis
60%
Stuttgart Tauberbischofsheim Main-Tauber-Kreis
58%
Karlsruhe Mosbach Neckar-Odenwald-Kreis
58%
Freiburg T... Tuttlingen
58%
Tübingen R... Ravensburg
56%
Freiburg W...-Tiengen Waldshut
56%
Karlsruhe F... Freudenstadt
53%
Stuttgart Aalen Ostalbkreis
53%
Karlsruhe Pforzheim Enzkreis
49%
Stuttgart Künzelsau Hohenlohekreis
49%
Stuttgart Waiblingen Rems-Murr-Kreis
47%
Tübingen S... Sigmaringen
44%
Tübingen Balingen Zollernalbkreis
40%
Stuttgart - Heilbronn (Stadtkreis)
13%
Keine übereinstimmenden Quizze gefunden
Verteilung der Resultate
Anzahl Personen mit jedem Resultat
Perzentil nach korrekt beantworteten Fragen
Ihre Resultats-Entwicklung
Sie haben dieses Quiz noch nicht gespielt